[Event "DEM U10w 2024"]
[Site "Willingen GER"]
[Date "2024.05.25"]
[Round "11"]
[White "Jänsch, Layla"]
[Black "Lukas, Olivia"]
[Result "1-0"]
[Termination "normal"]
[Board "8"]
[WhiteElo "962"]
[BlackElo "1569"]
[WhiteClock "00:19:11"]
[BlackClock "00:22:12"]
[PlyCount "77"]
[BlackFideId "34632239"]
[EventCountry "GER"]
[EventRounds "11"]
[EventType "swiss"]
[EventDate "2024.05.18"]

1. e4 {[%clk 01:15:57]} {[%emt 00:00:02]} e5 {[%clk 01:15:56]} {[%emt
00:00:05]} 2. Nf3 {[%clk 01:16:23]} {[%emt 00:00:04]} Nc6 {[%clk 01:16:23]}
{[%emt 00:00:03]} 3. d4 {[%clk 01:16:47]} {[%emt 00:00:06]} exd4 {[%clk
01:16:50]} {[%emt 00:00:04]} 4. Bc4 {[%clk 01:17:10]} {[%emt 00:00:06]} Nf6
{[%clk 01:17:16]} {[%emt 00:00:04]} 5. e5 {[%clk 01:17:25]} {[%emt 00:00:16]}
d5 {[%clk 01:17:41]} {[%emt 00:00:05]} 6. Bb5 {[%clk 01:17:46]} {[%emt
00:00:09]} Ne4 {[%clk 01:18:06]} {[%emt 00:00:05]} 7. Nxd4 {[%clk 01:18:01]}
{[%emt 00:00:14]} Bd7 {[%clk 01:18:30]} {[%emt 00:00:06]} 8. Bxc6 {[%clk
01:18:16]} {[%emt 00:00:15]} bxc6 {[%clk 01:18:54]} {[%emt 00:00:06]} 9. O-O
{[%clk 01:18:22]} {[%emt 00:00:24]} Bc5 {[%clk 01:19:08]} {[%emt 00:00:16]} 10.
f3 {[%clk 01:18:42]} {[%emt 00:00:10]} Ng5 {[%clk 01:19:11]} {[%emt 00:00:26]}
11. f4 {[%clk 01:18:48]} {[%emt 00:00:25]} Ne4 {[%clk 01:19:27]} {[%emt
00:00:14]} 12. c3 {[%clk 01:11:40]} {[%emt 00:07:39]} O-O {[%clk 01:17:56]}
{[%emt 00:02:01]} 13. Nd2 {[%clk 01:08:34]} {[%emt 00:03:22]} f5 {[%clk
01:13:28]} {[%emt 00:05:11]} 14. N2b3 {[%clk 01:04:53]} {[%emt 00:04:06]} Bb6
{[%clk 01:11:55]} {[%emt 00:02:08]} 15. Be3 {[%clk 01:02:39]} {[%emt 00:02:41]}
Bc8 {[%clk 01:09:50]} {[%emt 00:02:39]} 16. a4 {[%clk 00:58:43]} {[%emt
00:04:26]} a5 {[%clk 01:07:23]} {[%emt 00:02:56]} 17. Re1 {[%clk 00:57:28]}
{[%emt 00:01:27]} Qe8 {[%clk 01:03:46]} {[%emt 00:04:26]} 18. Nf3 {[%clk
00:52:49]} {[%emt 00:04:45]} Bb7 {[%clk 01:01:41]} {[%emt 00:02:59]} 19. Bxb6
{[%clk 00:51:17]} {[%emt 00:02:02]} cxb6 {[%clk 01:01:55]} {[%emt 00:00:16]}
20. Qe2 {[%clk 00:48:36]} {[%emt 00:03:06]} Qe7 {[%clk 00:58:19]} {[%emt
00:04:11]} 21. Qe3 {[%clk 00:46:07]} {[%emt 00:02:45]} Qc7 {[%clk 00:55:35]}
{[%emt 00:03:28]} 22. Nbd4 {[%clk 00:43:47]} {[%emt 00:02:48]} Rae8 {[%clk
00:53:36]} {[%emt 00:02:31]} 23. b4 {[%clk 00:41:29]} {[%emt 00:02:48]} axb4
{[%clk 00:44:35]} {[%emt 00:09:31]} 24. cxb4 {[%clk 00:41:35]} {[%emt
00:00:25]} Kh8 {[%clk 00:35:43]} {[%emt 00:09:21]} 25. Rac1 {[%clk 00:37:39]}
{[%emt 00:04:24]} Qd7 {[%clk 00:31:28]} {[%emt 00:04:47]} 26. Rc2 {[%clk
00:28:24]} {[%emt 00:09:45]} Nd6 {[%clk 00:30:17]} {[%emt 00:01:38]} 27. e6
{[%clk 00:26:24]} {[%emt 00:02:34]} Qc7 {[%clk 00:23:56]} {[%emt 00:06:51]} 28.
Nb5 {[%clk 00:21:17]} {[%emt 00:05:31]} Nxb5 {[%clk 00:22:39]} {[%emt
00:01:52]} 29. axb5 {[%clk 00:21:27]} {[%emt 00:00:21]} Bc8 {[%clk 00:20:50]}
{[%emt 00:02:19]} 30. Rxc6 {[%clk 00:20:21]} {[%emt 00:01:33]} Qd8 {[%clk
00:20:12]} {[%emt 00:01:11]} 31. e7 {[%clk 00:19:32]} {[%emt 00:01:19]} Qd7
{[%clk 00:20:05]} {[%emt 00:00:36]} 32. exf8=Q+ {[%emt 00:00:33]} Rxf8 {[%clk
00:20:20]} {[%emt 00:00:10]} 33. Re6 {[%clk 00:18:36]} {[%emt 00:01:15]} Qxe6
{[%clk 00:20:28]} {[%emt 00:00:36]} 34. Qxe6 {[%clk 00:18:53]} {[%emt
00:00:13]} Bxe6 {[%emt 00:00:05]} 35. Rxe6 {[%clk 00:19:15]} {[%emt 00:00:07]}
Rd8 {[%clk 00:21:07]} {[%emt 00:00:18]} 36. Kf2 {[%clk 00:18:35]} {[%emt
00:01:09]} d4 {[%clk 00:21:33]} {[%emt 00:00:04]} 37. Ke2 {[%clk 00:18:50]}
{[%emt 00:00:16]} d3+ {[%clk 00:22:00]} {[%emt 00:00:03]} 38. Kd1 {[%clk
00:18:59]} {[%emt 00:00:19]} Rd5 {[%clk 00:22:12]} {[%emt 00:00:20]} 39. Re8#
{[%clk 00:19:11]} {[%emt 00:00:18]} 1-0

[Event "DEM U10w 2024"]
[Site "Willingen GER"]
[Date "2024.05.25"]
[Round "11"]
[White "Mandziuk, Varvara"]
[Black "Müller, Greta Waltraud"]
[Result "1-0"]
[Termination "normal"]
[Board "9"]
[WhiteElo "1146"]
[BlackElo "1224"]
[WhiteClock "00:47:21"]
[BlackClock "00:43:49"]
[PlyCount "57"]
[WhiteFideId "34638016"]
[EventCountry "GER"]
[EventRounds "11"]
[EventType "swiss"]
[EventDate "2024.05.18"]

1. e4 {[%clk 01:15:59]} {[%emt 12:10:03]} e5 {[%clk 01:15:46]} {[%emt
00:00:15]} 2. Nf3 {[%clk 01:16:24]} {[%emt 00:00:05]} Nc6 {[%clk 01:16:00]}
{[%emt 00:00:15]} 3. Bc4 {[%clk 01:16:48]} {[%emt 00:00:06]} Bc5 {[%clk
01:16:17]} {[%emt 00:00:13]} 4. c3 {[%clk 01:17:13]} {[%emt 00:00:06]} Nf6
{[%clk 01:16:30]} {[%emt 00:00:17]} 5. d4 {[%clk 01:17:35]} {[%emt 00:00:08]}
exd4 {[%clk 01:16:48]} {[%emt 00:00:12]} 6. cxd4 {[%clk 01:17:58]} {[%emt
00:00:07]} Bb4+ {[%clk 01:17:06]} {[%emt 00:00:12]} 7. Bd2 {[%clk 01:18:21]}
{[%emt 00:00:06]} Bxd2+ {[%clk 01:17:18]} {[%emt 00:00:18]} 8. Nbxd2 {[%clk
01:18:44]} {[%emt 00:00:07]} d5 {[%clk 01:16:18]} {[%emt 00:01:29]} 9. exd5
{[%clk 01:14:37]} {[%emt 00:04:37]} Nxd5 {[%clk 01:16:33]} {[%emt 00:00:16]}
10. O-O {[%clk 01:14:51]} {[%emt 00:00:15]} O-O {[%clk 01:15:34]} {[%emt
00:01:28]} 11. Re1 {[%clk 01:11:42]} {[%emt 00:03:40]} Bg4 {[%clk 01:13:44]}
{[%emt 00:02:20]} 12. h3 {[%emt 00:00:51]} Bh5 {[%clk 01:13:46]} {[%emt
00:00:05]} 13. Re4 {[%clk 01:02:09]} {[%emt 00:10:02]} Na5 {[%emt 00:01:21]}
14. Bxd5 {[%clk 01:01:56]} {[%emt 00:00:41]} Qxd5 {[%clk 01:11:30]} {[%emt
00:01:59]} 15. Re5 {[%clk 01:01:39]} {[%emt 00:00:48]} Bxf3 {[%clk 01:10:55]}
{[%emt 00:01:05]} 16. Nxf3 {[%clk 01:01:59]} {[%emt 00:00:09]} Qd6 {[%clk
01:06:30]} {[%emt 00:04:52]} 17. Rxa5 {[%clk 01:02:07]} {[%emt 00:00:25]} Qb6
{[%clk 01:04:34]} {[%emt 00:02:20]} 18. Qd2 {[%clk 00:59:51]} {[%emt 00:02:51]}
Rfd8 {[%clk 01:02:33]} {[%emt 00:02:31]} 19. Rg5 {[%clk 00:59:34]} {[%emt
00:00:39]} Rd6 {[%clk 01:00:02]} {[%emt 00:03:07]} 20. Re1 {[%clk 00:58:22]}
{[%emt 00:01:42]} h6 {[%clk 00:58:43]} {[%emt 00:01:51]} 21. Rg3 {[%clk
00:57:15]} {[%emt 00:01:21]} Rad8 {[%clk 00:58:00]} {[%emt 00:01:30]} 22. Re4
{[%clk 00:57:03]} {[%emt 00:00:40]} f5 {[%clk 00:55:22]} {[%emt 00:03:09]} 23.
Re7 {[%clk 00:51:14]} {[%emt 00:06:18]} Re6 {[%clk 00:51:20]} {[%emt 00:04:33]}
24. Rgxg7+ {[%clk 00:50:51]} {[%emt 00:00:53]} Kf8 {[%clk 00:50:11]} {[%emt
00:01:38]} 25. Ref7+ {[%clk 00:50:38]} {[%emt 00:00:45]} Ke8 {[%clk 00:49:43]}
{[%emt 00:00:53]} 26. Rxf5 {[%clk 00:48:53]} {[%emt 00:02:18]} Re7 {[%clk
00:48:54]} {[%emt 00:01:22]} 27. Rg8+ {[%clk 00:48:55]} {[%emt 00:00:28]} Kd7
{[%clk 00:48:29]} {[%emt 00:00:55]} 28. Rd5+ {[%clk 00:49:09]} {[%emt
00:00:16]} Ke6 {[%clk 00:43:49]} {[%emt 00:05:03]} 29. Rdxd8 {[%clk 00:47:21]}
{[%emt 00:02:24]} 1-0

[Event "DEM U10w 2024"]
[Site "Willingen GER"]
[Date "2024.05.25"]
[Round "11"]
[White "Sriram, Yashasri"]
[Black "Vignesh, Sara"]
[Result "1-0"]
[Termination "normal"]
[Board "10"]
[WhiteElo "1576"]
[BlackElo "1136"]
[WhiteClock "00:37:34"]
[BlackClock "00:44:57"]
[PlyCount "119"]
[WhiteFideId "34656243"]
[BlackFideId "34674756"]
[EventCountry "GER"]
[EventRounds "11"]
[EventType "swiss"]
[EventDate "2024.05.18"]

1. e4 {[%clk 01:15:58]} {[%emt 00:00:01]} e6 {[%clk 01:15:56]} {[%emt
00:00:04]} 2. d4 {[%clk 01:16:22]} {[%emt 00:00:06]} d5 {[%clk 01:16:23]}
{[%emt 00:00:03]} 3. exd5 {[%clk 01:16:48]} {[%emt 00:00:04]} exd5 {[%clk
01:16:47]} {[%emt 00:00:06]} 4. Nf3 {[%clk 01:16:51]} {[%emt 00:00:27]} Be6
{[%clk 01:17:12]} {[%emt 00:00:05]} 5. Bd3 {[%clk 01:17:00]} {[%emt 00:00:21]}
Bd6 {[%clk 01:17:16]} {[%emt 00:00:26]} 6. O-O {[%clk 01:17:01]} {[%emt
00:00:29]} Ne7 {[%clk 01:17:13]} {[%emt 00:00:33]} 7. c3 {[%clk 01:16:41]}
{[%emt 00:00:48]} Nbc6 {[%clk 01:17:00]} {[%emt 00:00:45]} 8. Qc2 {[%clk
01:16:12]} {[%emt 00:01:00]} h6 {[%clk 01:16:23]} {[%emt 00:01:06]} 9. Re1
{[%clk 01:15:17]} {[%emt 00:01:25]} O-O {[%clk 01:15:31]} {[%emt 00:01:22]} 10.
Nbd2 {[%clk 01:04:08]} {[%emt 00:11:39]} Qd7 {[%clk 01:08:53]} {[%emt
00:07:06]} 11. Ne5 {[%clk 01:00:37]} {[%emt 00:04:03]} Nxe5 {[%clk 01:05:54]}
{[%emt 00:03:29]} 12. dxe5 {[%clk 01:00:50]} {[%emt 00:00:17]} Bc5 {[%clk
01:04:45]} {[%emt 00:01:37]} 13. a4 {[%clk 00:58:04]} {[%emt 00:03:18]} a6
{[%clk 01:01:38]} {[%emt 00:03:37]} 14. b4 {[%clk 00:58:22]} {[%emt 00:00:12]}
Ba7 {[%clk 01:01:39]} {[%emt 00:00:29]} 15. Nf3 {[%clk 00:54:07]} {[%emt
00:04:44]} Bf5 {[%clk 00:58:41]} {[%emt 00:03:30]} 16. Bxf5 {[%clk 00:52:42]}
{[%emt 00:01:55]} Qxf5 {[%clk 00:58:18]} {[%emt 00:00:52]} 17. Qxf5 {[%clk
00:51:54]} {[%emt 00:01:18]} Nxf5 {[%clk 00:58:33]} {[%emt 00:00:15]} 18. a5
{[%clk 00:50:58]} {[%emt 00:01:26]} Rfe8 {[%clk 00:56:26]} {[%emt 00:02:35]}
19. Bf4 {[%emt 00:03:36]} g5 {[%clk 00:55:22]} 20. Bg3 {[%clk 00:49:20]} {[%emt
00:00:38]} Nxg3 {[%clk 00:54:38]} {[%emt 00:01:14]} 21. hxg3 {[%clk 00:49:41]}
{[%emt 00:00:09]} g4 {[%clk 00:54:19]} {[%emt 00:00:49]} 22. Nh2 {[%clk
00:48:36]} {[%emt 00:01:35]} h5 {[%clk 00:53:26]} {[%emt 00:01:23]} 23. Kf1
{[%clk 00:48:57]} {[%emt 00:00:09]} Kg7 {[%clk 00:53:10]} {[%emt 00:00:44]} 24.
f3 {[%clk 00:49:15]} {[%emt 00:00:13]} gxf3 {[%clk 00:52:41]} {[%emt 00:00:59]}
25. gxf3 {[%clk 00:49:37]} {[%emt 00:00:08]} d4 {[%clk 00:52:25]} {[%emt
00:00:46]} 26. Rac1 {[%clk 00:49:08]} {[%emt 00:00:58]} c6 {[%clk 00:51:36]}
{[%emt 00:01:22]} 27. cxd4 {[%clk 00:48:16]} {[%emt 00:01:21]} Bxd4 {[%clk
00:51:50]} {[%emt 00:00:16]} 28. f4 {[%clk 00:48:35]} {[%emt 00:00:11]} Rac8
{[%clk 00:50:43]} {[%emt 00:01:34]} 29. Nf3 {[%clk 00:47:43]} {[%emt 00:01:25]}
Ba7 {[%clk 00:50:20]} {[%emt 00:00:51]} 30. Nh4 {[%clk 00:45:20]} {[%emt
00:02:54]} Rb8 {[%clk 00:47:08]} {[%emt 00:03:42]} 31. Nf5+ {[%clk 00:40:29]}
{[%emt 00:05:22]} Kg6 {[%clk 00:46:18]} {[%emt 00:01:19]} 32. Nh4+ {[%clk
00:39:41]} {[%emt 00:01:18]} Kg7 {[%clk 00:46:22]} {[%emt 00:00:26]} 33. Rcd1
{[%clk 00:39:57]} {[%emt 00:00:14]} Red8 {[%emt 00:04:34]} 34. Rd6 {[%clk
00:37:39]} Rxd6 {[%emt 00:02:27]} 35. exd6 {[%clk 00:36:32]} Rd8 {[%clk
00:42:06]} {[%emt 00:03:06]} 36. Re5 {[%clk 00:33:35]} {[%emt 00:03:28]} Rxd6
{[%clk 00:39:43]} {[%emt 00:02:57]} 37. Nf5+ {[%clk 00:33:51]} {[%emt
00:00:14]} Kf6 {[%clk 00:40:00]} {[%emt 00:00:12]} 38. Nxd6 {[%clk 00:33:55]}
{[%emt 00:00:26]} Bd4 {[%clk 00:39:57]} {[%emt 00:00:31]} 39. Ne8+ {[%clk
00:33:50]} {[%emt 00:00:37]} Kg6 {[%clk 00:40:17]} {[%emt 00:00:11]} 40. Rg5+
{[%clk 00:34:02]} {[%emt 00:00:17]} Kh6 {[%clk 00:40:35]} {[%emt 00:00:10]} 41.
Nd6 {[%clk 00:33:44]} {[%emt 00:00:50]} Bc3 {[%clk 00:40:12]} {[%emt 00:00:51]}
42. Nxf7+ {[%clk 00:33:47]} {[%emt 00:00:30]} Kh7 {[%clk 00:40:22]} {[%emt
00:00:17]} 43. Rxh5+ {[%clk 00:33:54]} {[%emt 00:00:25]} Kg6 {[%clk 00:40:37]}
{[%emt 00:00:15]} 44. Rc5 {[%clk 00:34:05]} {[%emt 00:00:19]} Bxb4 {[%clk
00:40:42]} {[%emt 00:00:26]} 45. Rc4 {[%clk 00:33:59]} {[%emt 00:00:36]} Bxa5
{[%clk 00:40:55]} {[%emt 00:00:17]} 46. g4 {[%clk 00:34:21]} {[%emt 00:00:08]}
Bc7 {[%clk 00:41:08]} {[%emt 00:00:12]} 47. Ne5+ {[%clk 00:34:21]} {[%emt
00:00:34]} Bxe5 {[%clk 00:41:13]} {[%emt 00:00:26]} 48. fxe5 {[%clk 00:34:46]}
{[%emt 00:00:05]} Kf7 {[%clk 00:41:31]} {[%emt 00:00:12]} 49. g5 {[%clk
00:35:05]} {[%emt 00:00:11]} Kg6 {[%clk 00:41:22]} {[%emt 00:00:39]} 50. e6
{[%clk 00:35:18]} {[%emt 00:00:16]} Kg7 {[%clk 00:41:46]} {[%emt 00:00:08]} 51.
Re4 {[%clk 00:35:12]} {[%emt 00:00:36]} Kf8 {[%clk 00:42:04]} {[%emt 00:00:12]}
52. g6 {[%clk 00:35:37]} {[%emt 00:00:05]} Ke7 {[%clk 00:42:28]} {[%emt
00:00:06]} 53. g7 {[%clk 00:36:01]} {[%emt 00:00:05]} Ke8 {[%clk 00:42:54]}
{[%emt 00:00:05]} 54. e7 {[%clk 00:35:55]} {[%emt 00:00:37]} Kf7 {[%clk
00:43:15]} {[%emt 00:00:08]} 55. e8=Q+ {[%clk 00:36:14]} {[%emt 00:00:11]} Kf6
{[%clk 00:43:35]} {[%emt 00:00:10]} 56. Rf4+ {[%clk 00:36:23]} {[%emt
00:00:21]} Kxg7 {[%clk 00:43:57]} {[%emt 00:00:07]} 57. Qf8+ {[%clk 00:36:39]}
{[%emt 00:00:15]} Kh7 {[%clk 00:44:13]} {[%emt 00:00:13]} 58. Rf7+ {[%clk
00:36:52]} {[%emt 00:00:18]} Kg6 {[%clk 00:44:31]} {[%emt 00:00:12]} 59. Qg8+
{[%clk 00:37:16]} {[%emt 00:00:06]} Kh5 {[%clk 00:44:57]} {[%emt 00:00:04]} 60.
Rh7# {[%clk 00:37:34]} {[%emt 00:00:12]} 1-0

[Event "DEM U10w 2024"]
[Site "Willingen GER"]
[Date "2024.05.25"]
[Round "11"]
[White "Mudriievskaya, Esther"]
[Black "Subocz, Emma"]
[Result "0-1"]
[Termination "normal"]
[Board "11"]
[WhiteElo "1495"]
[BlackElo "1028"]
[WhiteClock "00:57:08"]
[BlackClock "01:17:40"]
[PlyCount "62"]
[WhiteFideId "34676465"]
[BlackFideId "41805666"]
[EventCountry "GER"]
[EventRounds "11"]
[EventType "swiss"]
[EventDate "2024.05.18"]

1. e4 {[%clk 01:15:56]} {[%emt 00:00:04]} e5 {[%clk 01:15:58]} {[%emt
00:00:03]} 2. Nf3 {[%clk 01:16:16]} {[%emt 00:00:09]} Nc6 {[%clk 01:16:23]}
{[%emt 00:00:05]} 3. Nc3 {[%clk 01:16:28]} {[%emt 00:00:17]} Nf6 {[%clk
01:16:47]} {[%emt 00:00:07]} 4. d4 {[%clk 01:16:25]} {[%emt 00:00:33]} exd4
{[%clk 01:17:11]} {[%emt 00:00:06]} 5. Nxd4 {[%clk 01:16:34]} {[%emt 00:00:19]}
Bb4 {[%clk 01:17:29]} {[%emt 00:00:14]} 6. Nxc6 {[%clk 01:16:37]} {[%emt
00:00:27]} bxc6 {[%clk 01:17:53]} {[%emt 00:00:07]} 7. Bd3 {[%clk 01:16:38]}
{[%emt 00:00:27]} d5 {[%clk 01:18:15]} {[%emt 00:00:10]} 8. O-O {[%clk
01:12:31]} {[%emt 00:04:36]} O-O {[%clk 01:18:05]} {[%emt 00:00:40]} 9. Bg5
{[%clk 01:12:09]} {[%emt 00:00:51]} Bxc3 {[%clk 01:16:35]} {[%emt 00:02:01]}
10. bxc3 {[%clk 01:11:52]} {[%emt 00:00:47]} dxe4 {[%clk 01:16:35]} {[%emt
00:00:30]} 11. Bxf6 {[%clk 01:10:37]} {[%emt 00:01:44]} Qxf6 {[%clk 01:16:20]}
{[%emt 00:00:47]} 12. Bxe4 {[%clk 01:10:27]} {[%emt 00:00:38]} Qxc3 {[%clk
01:16:39]} {[%emt 00:00:12]} 13. Qh5 {[%clk 01:09:36]} {[%emt 00:01:19]} h6
{[%clk 01:16:18]} {[%emt 00:00:53]} 14. g4 {[%clk 01:07:57]} {[%emt 00:02:08]}
Qf6 {[%clk 01:16:06]} {[%emt 00:00:42]} 15. f4 {[%clk 01:06:17]} {[%emt
00:02:06]} Qd4+ {[%clk 01:16:14]} {[%emt 00:00:27]} 16. Kh1 {[%clk 01:04:57]}
{[%emt 00:01:50]} Qxe4+ {[%clk 01:16:27]} {[%emt 00:00:16]} 17. Kg1 {[%clk
01:04:50]} {[%emt 00:00:37]} Kh7 {[%clk 01:15:23]} {[%emt 00:01:34]} 18. g5
{[%clk 01:04:21]} {[%emt 00:00:58]} Bb7 {[%clk 01:13:45]} {[%emt 00:02:10]} 19.
gxh6 {[%clk 01:00:53]} {[%emt 00:03:58]} gxh6 {[%clk 01:14:01]} {[%emt
00:00:14]} 20. h4 {[%clk 00:57:55]} {[%emt 00:03:24]} c5 {[%clk 01:14:20]}
{[%emt 00:00:15]} 21. Qf3 {[%clk 00:56:03]} {[%emt 00:02:21]} Qxf3 {[%clk
01:14:33]} {[%emt 00:00:18]} 22. Rxf3 {[%clk 00:56:25]} {[%emt 00:00:08]} Bxf3
{[%clk 01:15:00]} {[%emt 00:00:03]} 23. Rf1 {[%clk 00:56:18]} {[%emt 00:00:35]}
Be4 {[%clk 01:15:18]} {[%emt 00:00:14]} 24. Rf2 {[%clk 00:56:27]} {[%emt
00:00:19]} Rg8+ {[%clk 01:15:35]} {[%emt 00:00:16]} 25. Kh2 {[%clk 00:56:38]}
{[%emt 00:00:18]} Rab8 {[%clk 01:15:54]} {[%emt 00:00:11]} 26. Rf1 {[%clk
00:56:41]} {[%emt 00:00:24]} Rg2+ {[%clk 01:15:52]} {[%emt 00:00:35]} 27. Kh3
{[%clk 00:56:49]} {[%emt 00:00:22]} Rxc2 {[%clk 01:16:14]} {[%emt 00:00:08]}
28. Rg1 {[%clk 00:57:03]} {[%emt 00:00:16]} Rxa2 {[%clk 01:16:29]} {[%emt
00:00:15]} 29. Re1 {[%clk 00:56:41]} {[%emt 00:00:48]} Bf5+ {[%clk 01:16:50]}
{[%emt 00:00:13]} 30. Kg3 {[%clk 00:56:52]} {[%emt 00:00:19]} Rb3+ {[%clk
01:17:15]} {[%emt 00:00:06]} 31. Re3 {[%clk 00:57:08]} {[%emt 00:00:13]} Rxe3#
{[%clk 01:17:40]} {[%emt 00:00:05]} 0-1

[Event "DEM U10w 2024"]
[Site "Willingen GER"]
[Date "2024.05.25"]
[Round "11"]
[White "Vasilieva, Victoria"]
[Black "Preißler, Enie"]
[Result "1/2-1/2"]
[Termination "normal"]
[Board "12"]
[WhiteElo "1048"]
[BlackElo "1019"]
[WhiteClock "00:32:12"]
[BlackClock "00:21:51"]
[PlyCount "66"]
[WhiteFideId "533007071"]
[EventCountry "GER"]
[EventRounds "11"]
[EventType "swiss"]
[EventDate "2024.05.18"]

1. d4 {[%clk 01:15:57]} {[%emt 00:00:01]} d5 {[%clk 01:15:54]} {[%emt
00:00:07]} 2. c4 {[%clk 01:16:21]} {[%emt 00:00:06]} e6 {[%clk 01:16:18]}
{[%emt 00:00:06]} 3. Nc3 {[%clk 01:16:35]} {[%emt 00:00:15]} Be7 {[%clk
01:16:26]} {[%emt 00:00:24]} 4. cxd5 {[%clk 01:16:30]} {[%emt 00:00:34]} exd5
{[%clk 01:16:37]} {[%emt 00:00:18]} 5. Bf4 {[%clk 01:16:03]} {[%emt 00:00:56]}
Nf6 {[%clk 01:15:24]} {[%emt 00:01:44]} 6. Nf3 {[%clk 01:14:59]} {[%emt
00:01:34]} Bf5 {[%clk 01:14:21]} {[%emt 00:01:34]} 7. e3 {[%clk 01:13:24]}
{[%emt 00:02:05]} O-O {[%clk 01:13:08]} {[%emt 00:01:43]} 8. Bd3 {[%clk
01:10:43]} {[%emt 00:03:11]} Bg6 {[%clk 01:10:46]} {[%emt 00:02:52]} 9. O-O
{[%clk 01:06:27]} {[%emt 00:04:45]} Nbd7 {[%clk 01:08:26]} {[%emt 00:02:51]}
10. Rc1 {[%clk 01:03:36]} {[%emt 00:03:20]} c6 {[%clk 01:03:05]} {[%emt
00:05:52]} 11. a3 {[%clk 01:00:17]} {[%emt 00:03:49]} a5 {[%clk 01:01:41]}
{[%emt 00:01:54]} 12. h3 {[%clk 00:52:31]} {[%emt 00:08:15]} Ne4 {[%clk
00:47:40]} {[%emt 00:14:32]} 13. Ne5 {[%clk 00:47:15]} {[%emt 00:05:45]} Nxc3
{[%clk 00:41:33]} {[%emt 00:06:37]} 14. Rxc3 {[%clk 00:46:45]} {[%emt
00:01:00]} Nxe5 {[%clk 00:36:51]} {[%emt 00:05:13]} 15. Bxe5 {[%clk 00:46:24]}
{[%emt 00:00:50]} Bd6 {[%clk 00:34:45]} {[%emt 00:02:36]} 16. Bxd6 {[%clk
00:45:00]} {[%emt 00:01:54]} Qxd6 {[%clk 00:35:05]} {[%emt 00:00:10]} 17. Bxg6
{[%clk 00:44:49]} {[%emt 00:00:41]} Qxg6 {[%clk 00:34:59]} {[%emt 00:00:36]}
18. Re1 {[%clk 00:43:38]} {[%emt 00:01:41]} Rfd8 {[%clk 00:31:13]} {[%emt
00:04:17]} 19. Qf3 {[%clk 00:41:53]} {[%emt 00:02:13]} Re8 {[%clk 00:27:49]}
{[%emt 00:03:56]} 20. Rb3 {[%clk 00:39:40]} {[%emt 00:02:43]} Rab8 {[%clk
00:26:18]} {[%emt 00:02:01]} 21. Qf4 {[%clk 00:36:27]} {[%emt 00:03:42]} Qc2
{[%clk 00:25:07]} {[%emt 00:01:42]} 22. Rb6 {[%clk 00:36:21]} {[%emt 00:00:36]}
Rec8 {[%clk 00:25:06]} {[%emt 00:00:31]} 23. e4 {[%clk 00:35:31]} {[%emt
00:01:19]} dxe4 {[%clk 00:23:39]} {[%emt 00:01:58]} 24. Rxe4 {[%clk 00:35:39]}
{[%emt 00:00:21]} h6 {[%clk 00:23:13]} {[%emt 00:00:57]} 25. Re7 {[%clk
00:35:35]} {[%emt 00:00:32]} Qc4 {[%clk 00:21:37]} {[%emt 00:02:08]} 26. Qf5
{[%clk 00:34:18]} {[%emt 00:01:46]} Re8 {[%clk 00:19:49]} {[%emt 00:02:19]} 27.
Rxe8+ {[%clk 00:33:43]} {[%emt 00:01:05]} Rxe8 {[%clk 00:20:12]} {[%emt
00:00:07]} 28. Rxb7 {[%clk 00:33:57]} {[%emt 00:00:16]} Rf8 {[%clk 00:20:20]}
{[%emt 00:00:22]} 29. Qxa5 {[%clk 00:32:14]} {[%emt 00:02:12]} Qc1+ {[%clk
00:20:45]} {[%emt 00:00:06]} 30. Kh2 {[%clk 00:32:17]} {[%emt 00:00:26]} Qf4+
{[%clk 00:21:08]} {[%emt 00:00:08]} 31. Kg1 {[%clk 00:32:21]} {[%emt 00:00:25]}
Qc1+ {[%clk 00:21:33]} {[%emt 00:00:06]} 32. Kh2 {[%clk 00:32:30]} {[%emt
00:00:21]} Qf4+ {[%clk 00:21:58]} {[%emt 00:00:05]} 33. Kg1 {[%clk 00:32:12]}
{[%emt 00:00:46]} Qc1+ {[%clk 00:21:51]} {[%emt 00:00:08]} 1/2-1/2